| 000 | 00753nam a22002177a 4500 | ||
|---|---|---|---|
| 999 |
_c12084 _d12084 |
||
| 003 | AR-CdUCM | ||
| 008 | 190405b ||||| |||| 00| 0 spa d | ||
| 040 |
_aMUNICIPALIDAD PROVINCIAL DEL CUSCO _cBIBLIOTECA MUNICIPAL DEL CUSCO |
||
| 041 | _heng | ||
| 082 |
_a122.4 / _bH921 / 1945 |
||
| 100 |
_aHume, David _914466 |
||
| 245 | _aInvestigación sobre la moral / | ||
| 260 |
_aBuenos Aires : _bLosada, _c1945. |
||
| 300 |
_a199 páginas ; _c20 cm. |
||
| 505 | _aContenido: De los principios generales de la moral -- De la benevolencia -- De la justicia -- De la sociedad Política ... | ||
| 650 |
_aMoral _94056 |
||
| 650 |
_aPolítica _9291 |
||
| 700 |
_aVásquez, Juan Adolfo (traductor) _929764 |
||
| 942 |
_2ddc _cLIBROS |
||
| 945 |
_acmm _d2019-04-05 |
||